000 00547cam a2200205 i 4500
001 4580119
005 20241118121500.0
008 750807s1975 nyu b 000 0 eng
020 _a0809118890 :
_c$1.50
050 0 0 _aHD9000.5
_b.S49
082 0 0 _a338.1/9
100 1 _aSimon, Arthur R.
245 1 0 _aBread for the world /
_cby Arthur Simon.
260 _aNew York :
_bPaulist Press,
_c[1975]
300 _ax, 179 p. :
_bgraphs ;
_c18 cm.
650 0 _aFood supply.
650 0 _aFood relief.
650 0 _aMalnutrition.
942 _2lcc
_cBK
_n0
999 _c1271
_d1271